| 000 | 00576nam a2200193Ia 4500 | ||
|---|---|---|---|
| 003 | GCL | ||
| 008 | 140319s9999 xx 000 0 ara d | ||
| 040 |
_aGCL / _cGCL |
||
| 082 | 0 | 4 |
_aد _b050 |
| 100 | 1 | _aفوزية فهيم | |
| 245 | 1 | 0 |
_aالتليفزيون فن ( اقرا 465 ) / _cفوزية فهيم |
| 300 | _a133 ص | ||
| 490 |
_aوثائق ونصوص _v0 |
||
| 650 | 0 | 4 | _aالتليفزيون |
| 650 | 0 | 4 | _aبرامج التليفزيون |
| 650 | 0 | 4 | _aالانتاج التليفزيونى |
| 650 | 0 | 4 | _aالتليفزيون والاطفال |
| 942 |
_2ddc _cCF |
||
| 999 |
_c27305 _d27305 |
||